Normal view
MARC view
Entry Corporate Name
001 - CONTROL NUMBER
- control field: 18570
003 - CONTROL NUMBER IDENTIFIER
- control field: ARRUPE
005 - DATE AND TIME OF LATEST TRANSACTION
- control field: 20150807132238.0
008 - FIXED-LENGTH DATA ELEMENTS
- fixed length control field: 150807|| aca||aabn | a|a d
040 ## - CATALOGING SOURCE
- Original cataloging agency: ARRUPE
- Transcribing agency: ARRUPE
110 ## - HEADING--CORPORATE NAME
- Corporate name or jurisdiction name as entry element: Rijksuniversiteit te Gent.
- Subordinate unit: Vakgroep Studie van de Derde Wereld.
- Subordinate unit: Conflict Research Group.
670 ## - SOURCE DATA FOUND
- Source citation: Work cat.: (ARRUPE)0: Conflict and social transformation in Eastern DR Congo /, 2004.